00308nam a2200121Ia 4500003000400000005001700004008004100021020001800062040001700080100001700097245002600114260004600140OSt20240302161516.0170524s9999 xx 000 0 und d a81-230-1414-7 ciimtu meerut aAGARWAL- S.P 0aDESH VIDESH KE TYOHAR bN DELHI: SUCHANA AVAM PRASHARAN MANTRALYA